|
|
|
|
| LEADER |
00622nam a22001817a 4500 |
| 020 |
|
|
|a 9781846840067
|
| 082 |
|
|
|a 371.102
|b AND/R
|
| 100 |
|
|
|a Andrew Pollard
|9 55969
|
| 245 |
|
|
|a Reflective teaching :
|b evidence-informed professional practice/
|c by Andrew Pollard
|
| 250 |
|
|
|a 2nd
|
| 260 |
|
|
|a London:
|b Continuum,
|c 2006.
|
| 300 |
|
|
|a 503p.
|
| 650 |
|
|
|a School Teaching
|9 55970
|
| 650 |
|
|
|a Education
|9 55971
|
| 650 |
|
|
|a Social Sciences
|9 55972
|
| 942 |
|
|
|c BK
|
| 999 |
|
|
|c 138277
|d 138277
|
| 952 |
|
|
|0 0
|1 0
|4 0
|6 371_102000000000000_AND_R
|7 0
|9 95457
|a SSUS
|b SSUS
|c STACKS
|d 2018-07-17
|g 695.00
|o 371.102 AND/R
|p 091185
|r 2018-07-17
|w 2018-07-17
|y BK
|